Poverty Alleviation Among Muslims in Tamilnadu (Record no. 13099)

MARC details
000 -LEADER
fixed length control field 00633nam a2200241 a 4500
020 ## - INTERNATIONAL STANDARD BOOK NUMBER
ISBN
082 00 - DEWEY DECIMAL CLASSIFICATION NUMBER
Classification number 305.629705482
Author Cutter ABD
100 ## - MAIN ENTRY--AUTHOR NAME
Author name Abdur Rahman, T
245 ## - TITLE STATEMENT
Title Poverty Alleviation Among Muslims in Tamilnadu
260 ## - PUBLICATION, DISTRIBUTION, ETC. (IMPRINT)
Place of publication Delhi
Name of publisher Institute of Objective Studies
Year of publication 1996
300 ## - PHYSICAL DESCRIPTION
Number of Pages 104p
500 ## - GENERAL NOTE
General note includes index and biblioraphy
505 2# - FORMATTED CONTENTS NOTE
Formatted contents note Index
650 ## - SUBJECT ADDED ENTRY--TOPICAL TERM
Topical Term Muslims-India-Tamil Nadu
650 ## - SUBJECT ADDED ENTRY--TOPICAL TERM
Topical Term Development-Socio-Economic
942 ## - ADDED ENTRY ELEMENTS (KOHA)
Koha item type Books
Holdings
Collection code Home library Current library Date acquired Cost, normal purchase price Full call number Accession Number Koha item type
  Henry Martyn Institute Library Henry Martyn Institute Library 03/28/2007 100.00 305.629705482 ABD 017196 Books
                   Copyright © 2026 | Henry Martyn Institute | Hyderabad | TS-500052 | INDIA | Implemented by hmi.edu.in
Hit-Count:

Powered by Koha